Kraje UE o największym odsetku mieszkańców nieposiadających toalety - Statystyki

Ogólne statystyki
  • Ten quiz został rozwiązany 59 razy
  • Średni wynik to 9 z 10
Statystyki odpowiedzi
Odsetek populacji mieszkającej w mieszkaniach / domach bez toalety Państwo % Poprawnych
1,7% Polska
98%
4,7% Estonia
91%
10% Litwa
91%
8,7% Łotwa
91%
13,7% Bułgaria
89%
24,2% Rumunia
89%
1,8% Słowacja
85%
1,1% Chorwacja
78%
3,1% Węgry
78%
0,8% Włochy
65%
Nie znaleziono quizów pasujących do podanych kryteriów
Rozkład punktacji
Procent ludzi z każdym wynikiem
Percentyl według liczby udzielonych odpowiedzi
Twoja historia wyników
Nie rozwiązałeś tego quizu